000 01130nam a2200289Ia 4500
001 ebr10223807
003 CaPaEBR
006 m u
007 cr cn|||||||||
008 080831s2006 oru sb 000 0 eng d
020 _z9780976156345
040 _aCaPaEBR
_cCaPaEBR
035 _a(OCoLC)320326036
050 1 4 _aRC533
_b.F54 2006eb
100 1 _aFields, Ann.
245 1 0 _aResolving patient ambivalence
_h[electronic resource] :
_ba five session motivational interviewing intervention.
260 _aPortland, Oregon :
_bHollifield Associates,
_c2006.
300 _a99 p.
504 _aIncludes bibliography.
533 _aElectronic reproduction.
_bPalo Alto, Calif. :
_cebrary,
_d2009.
_nAvailable via World Wide Web.
_nAccess may be limited to ebrary affiliated libraries.
650 0 _aMotivational interviewing.
650 0 _aCompulsive behavior
_xPatients
_xCounseling of.
650 0 _aAmbivalence.
655 7 _aElectronic books.
_2local
710 2 _aebrary, Inc.
856 4 0 _uhttp://site.ebrary.com/lib/rucke/Doc?id=10223807
_zAn electronic book accessible through the World Wide Web; click to view
999 _c25291
_d25291